| 000 | 00000nam 2200000za 4500 |
| 001 | 9.580523 |
| 003 | CaOODSP |
| 005 | 20220107095838 |
| 007 | cr ||||||||||| |
| 008 | 150406s1985 onc|||||o f|0| 0 eng d |
| 040 | |aCaOODSP|beng |
| 043 | |an-cn--- |
| 086 | 1 |aFs97-14/156-1984E-PDF |
| 100 | 1 |aFarmer, Paula. |
| 245 | 10|aGear damage in the Nova Scotia inshore fishery |h[electronic resource] / |cby Paula Farmer and Allan Billard. |
| 260 | |aHalifax, Nova Scotia : |bFisheries and Oceans Canada, |c1984. |
| 300 | |a51 p. |
| 490 | 1 |aCanadian industry report of fisheries and aquatic sciences ; |vno. 156 |
| 500 | |aFile reproduced from photocopy of original print. |
| 500 | |aOn t. p. : Scotia Fundy Region, Economics Branch, Halifax (Nova Scotia). |
| 546 | |aIncludes French summary. |
| 590 | |a14-20-Supp|b2014-11-25 |
| 700 | 1 |aBillard, Allan,|d1949- |
| 710 | 1 |aCanada. |bDepartment of Fisheries and Oceans. |
| 830 | #0|aCanadian industry report of fisheries and aquatic sciences ;|vno. 156|w(CaOODSP)9.505199 |
| 856 | 40|ahttp://publications.gc.ca|qPDF|s2889 KB|uhttps://publications.gc.ca/collections/collection_2014/mpo-dfo/Fs97-14-156-1984-eng.pdf|yNo. 156 |